00000000nam##2200000za#4500
0019.643521
003CaOODSP
00520210624224216
007cr |||||||||||
008150407|2004||||xxc|||||o    f|0| 0 fre|d
040 |aCaOODSP|bfre
043 |an-cn---
0861 |aR74-7/2004F-PDF
1101 |aCanada.|bAffaires indiennes et du Nord. |bDivision des ressources hydriques.
24510|aCalcul de l'évaporation à la mine Salmita-Tundra, 1993 à 2004 / |h[ressource électronique]|c[par] Robert Reid.
260 |aYellowknife - Territoires du Nord-Ouest : |bAffaires indiennes et du Nord. |cNovembre 2004.
300 |a13p.|bfigure, carte, références, tableaux
590 |a15-02-Supp|b2015-02-16
69107|aGestion de l'eau|2gcpds
69107|aIndustrie minière|2gcpds
77508|tEvaporation calculations at the Salmita-Tundra mine site, 1993 to 2004 / |w(CaOODSP)9.699491
85640|ahttp://publications.gc.ca|qPDF|s313 Ko|uhttps://publications.gc.ca/collections/collection_2014/aadnc-aandc/R74-7-2004-fra.pdf